Statystyki dla Kraje według częściowego obrazu satelitarne #1

Kliknij tutaj aby rozwiązać quiz!

Ogólne statystyki

  • Ten quiz został rozwiązany 533 razy
  • Średni wynik to 8 z 15

Statystyki odpowiedzi

Odpowiedź% Poprawnych
Wlochy
94%
Cypr
81%
Francja
74%
Turcja
74%
Grecja
73%
Filipiny
64%
Rosja
64%
Kuba
59%
Indonezja
55%
Kanada
54%
Madagaskar
46%
Niemcy
41%
Tajwan
36%
Panama
15%
Irak
12%

Rozkład punktacji

Percentyl według liczby udzielonych odpowiedzi

Procent ludzi z każdym wynikiem

Twoja historia wyników

Nie rozwiązałeś tego quizu